Da Bandiere a Capitali #1 - Statistics

Statistiche generali
  • Questo quiz è stato fatto 5.361 volte
  • Il punteggio medio è 16 su 20
Statistiche sulle risposte
con Immagini Risposta % Corretto
Brasilia
97%
Atene
95%
Madrid
95%
Berlino
94%
Ottawa
94%
Pechino
94%
Kiev
91%
Amsterdam
90%
Nuova Delhi
90%
Buenos Aires
88%
Ankara
85%
Budapest
85%
Canberra
84%
Rabat
72%
Caracas
60%
Riad
60%
Hanoi
55%
Baghdad
54%
Kuala Lumpur
49%
Dodoma
26%
Nessun quiz corrispondente trovato
Distribuzione punteggi
Percentuale di utenti per punteggio
Percentile per numero di risposta
I tuoi punteggi nel tempo
Non hai fatto questo quiz